| 000 | 00499nam a22001577a 4500 | ||
|---|---|---|---|
| 020 | _qHard Cover. | ||
| 082 | _a005 | ||
| 100 | _aJahangir, Maham | ||
| 245 |
_aEnhanced expert systems for medical diagnostic using data mining / _cMaham Jahangir. |
||
| 260 |
_aIslamabad: _bMCS - NUST, _c2016. |
||
| 300 |
_a67 p. : _bill. ; _c30cm. |
||
| 650 |
_aComputer Science MS-Thesis. _916114 |
||
| 700 |
_aDr. Hammad Afzal _935034 |
||
| 942 |
_2ddc _cTHE |
||
| 999 |
_c540959 _d540959 |
||